|
|
|
|
| LEADER |
00000cam a2200000 a 4500 |
| 001 |
vtls008371921 |
| 003 |
SK-MaSNL |
| 005 |
20260301181248.0 |
| 008 |
250313s1944 xo g 000 j rus |
| 015 |
|
|
|a SNBA19421945-144/3462
|
| 035 |
|
|
|a SK01SNKBKSD220020064138
|
| 035 |
|
|
|a urn:nbn:sk:snk-am3hikr
|
| 035 |
|
|
|a 93E94655-2901-44FA-9390-BE43FA02842C
|
| 035 |
|
|
|a urn:nbn:sk:snk-am00d1le
|
| 035 |
|
|
|a SKM000066601
|
| 040 |
|
|
|a SNK
|b slo
|c SNK
|e AACR2
|
| 041 |
0 |
|
|a rus
|
| 044 |
|
|
|a xo
|c SK
|
| 072 |
|
7 |
|a 821.161.1
|x Ruská literatúra
|2 konspekt
|
| 080 |
|
|
|a 821.161.1-31
|2 2011
|
| 100 |
1 |
|
|a Gogoľ, Nikolaj Vasilievič,
|d 1809-1852
|4 aut
|9 103929
|
| 245 |
1 |
0 |
|a Starosvětskie poměšiki
|c N.V. Gogoľ
|
| 260 |
|
|
|a Prešov
|b Izdateľskaja sekcija O-va A. Duchnoviča
|c 1944
|e Prešov
|f Sv. Nikolaj
|
| 300 |
|
|
|a 48 s.
|c 15 cm
|
| 490 |
1 |
|
|a Rodnoe slovo
|
| 650 |
0 |
7 |
|a ruská literatúra
|2 SNKPH
|9 1204
|
| 655 |
|
7 |
|a ruské romány
|2 SNKPH
|9 70514
|
| 830 |
|
0 |
|a Rodnoe slovo
|9 553577
|
| 852 |
|
|
|a Slovenská národná knižnica
|
| 954 |
|
|
|a beletria cudzojazyčná (svetová)
|2 lita
|
| 958 |
|
|
|a RU
|
| 958 |
|
|
|a LX
|
| 958 |
|
|
|a OND
|
| 999 |
|
|
|c 849335
|d 851265
|
| 952 |
|
|
|a SNK
|b SNK
|y PREZ
|7 0
|p 17A0744526
|o snkSE 3864
|i snkF 1193/65
|8 5
|0 0
|1 0
|4 0
|d 2018-05-02
|f 1
|l 0
|r 2026-02-24 04:37:18
|w 2026-02-24
|